skbl

Dr Suryya Kumar Bhuyan Library Web-OPAC
ডঃ সূৰ্য্য
কুমাৰ ভূঞা পুথিভঁৰাল ৱেব-অ'পেক

All Research Scholars are advised to clear the annual library fees to continue using Library Resources, Remote Access, Plagiarism Test and Library Clearance.

Cotton University Book Fair 2026

Guru Charit / (Record no. 14312)

MARC details
000 -LEADER
fixed length control field 00633nam a2200253Ia 4500
001 - CONTROL NUMBER
control field 14326
005 - DATE AND TIME OF LATEST TRANSACTION
control field 20240113235530.0
007 - PHYSICAL DESCRIPTION FIXED FIELD--GENERAL INFORMATION
fixed length control field ta
008 - FIXED-LENGTH DATA ELEMENTS--GENERAL INFORMATION
fixed length control field 051121s1963 g b000 u asm u
040 ## - CATALOGING SOURCE
Original cataloging agency Cotton College,Assam
041 ## - LANGUAGE CODE
Language code of text/sound track or separate title asm
082 ## - DEWEY DECIMAL CLASSIFICATION NUMBER
Classification number 891.4117
Item number Sa 21 G
100 ## - MAIN ENTRY--PERSONAL NAME
Personal name Saikia, Kamalakanta .
245 #0 - TITLE STATEMENT
Title Guru Charit /
Statement of responsibility, etc. Kamalakanta Saikia.
Medium Textual Documents
250 ## - EDITION STATEMENT
Edition statement 1st ed. /
260 ## - PUBLICATION, DISTRIBUTION, ETC.
Place of publication, distribution, etc. Sl :
Name of publisher, distributor, etc. Sn ,
Date of publication, distribution, etc. 1963.
300 ## - PHYSICAL DESCRIPTION
Extent 280p. ;
Dimensions 22cm.
653 ## - INDEX TERM--UNCONTROLLED
Uncontrolled term Assamese Poetry-Religion
653 ## - INDEX TERM--UNCONTROLLED
Uncontrolled term G-Assamese
942 ## - ADDED ENTRY ELEMENTS (KOHA)
Source of classification or shelving scheme Dewey Decimal Classification
Koha item type Books
Holdings
Withdrawn status Lost status Damaged status Not for loan Collection Home library Current library Date acquired Coded location qualifier Total checkouts Full call number Barcode Date last seen Copy number Price effective from Koha item type
          Dr. Suryya Kumar Bhuyan Library Dr. Suryya Kumar Bhuyan Library 01/02/2012 00000   891.4117 Sa 21 G 53046 13/01/2024 1 01/02/2012 Books
          Dr. Suryya Kumar Bhuyan Library Dr. Suryya Kumar Bhuyan Library 01/02/2012 00000   891.4117 Sa 21 G 53045 13/01/2024 2 01/02/2012 Books

Designed and Maintained by Team SKBL
©1901-2026

Powered by Koha